00681 a2200193 4500003000400000005001700004008004100021020001800062040000900080082002000089100002600109245009300135250001200228260003300240300001000273942004600283952014100329999001700470OSt20231207112513.0231207b |||||||| |||| 00| 0 eng d a9789386560346 coclc a894.8128bRAV/V aRavichandran, C97402 aVelichappaadinte Bhaarya- Andhaviswaasathinte 60 Malayaala Varshangal /cRavichandran C. a1st ed. aKottayam:bD C Books,c2017. a312p. 2ddccBKh894.8128iRAV/Vk894.8128mRAV/V 00102ddc40708MISCELLANEOUSaMESbMEScMALd2023-12-07l0o894.8128 RAV/Vp43399r2023-12-07 11:26:12v295.00w2023-12-07yBKzGR33R2 c44028d44028